zpět

Detail výsledku týmu

U Pošty - Vinohrady ÚT, Praha

Datum a čas kvízu

23 Celkem bodů Celkový počet nahraných bodů na tomto kvízu bez doplňovacích otázek.
9. Pořadí na kvízu Konečné umístění týmu na tomto kvízu.

Zaznamenané odpovědi

# Otázka Odpověď Body Výsledky
1. V pátek se na základních a stř... burger, panák (alkoholu) 1
2. Jeden švýcarský turista se v p... v Mostaru 1
3. Minulý týden byl potvrzen rozc... Katy Perry, Orlando Bloom 1
4. Jak se jmenuje nově zvolený ge... Hynek Chudárek 0
5. V Ostravě se konal tradiční at... 400 m překážek 0
6. Jedna z nejúspěšnějších filmov... Zachary Quinto, Leonard Nimoy 0
7. Napište originální anglický ná... The Hangover 1
8. Seřaďte jednotlivé díly filmov... 1B 2D 3A 4C 0
9. Jak se jmenovala dcera Edwarda... A 1
10. Závěrem se podíváme blíže na H... z hadů 1